[Event "Lichtenrader Herbst"]
[Site "Berlin-Lichtenrade"]
[Date "2015.10.29"]
[Round "6.6"]
[White "Krefenstein, Sergej"]
[Black "Solys, Laimutis"]
[Result "0-1"]
[WhiteElo "2205"]
[BlackElo "2344"]
[PlyCount "78"]
[EventDate "2015.??.??"]
[WhiteTeam "TuS Makkabi Berlin"]
[BlackTeam "Kaunas Margiris"]

1. e4 c5 2. Nc3 Nc6 3. f4 g6 4. Nf3 Bg7 5. Bb5 Nd4 6. O-O a6 7. Bc4 e6 8. d3
Ne7 9. Nxd4 cxd4 10. Ne2 d5 11. Bb3 dxe4 12. dxe4 O-O 13. Qd3 Nc6 14. e5 f6 15.
exf6 Qxf6 16. Bd2 Kh8 17. Ng3 Qe7 18. Rae1 Bd7 19. a3 e5 20. fxe5 Nxe5 21. Qe4
Bc6 22. Bd5 Rxf1+ 23. Rxf1 Bxd5 24. Qxd5 Rd8 25. Qe4 Qd7 26. Bg5 Re8 27. Qh4
Ng4 28. h3 Ne3 29. Rf2 Qc6 30. Re2 Nxc2 31. Rxe8+ Qxe8 32. Ne4 d3 33. Bf6 Qe6
34. Bc3 Bxc3 35. Nxc3 Qe3+ 36. Qf2 d2 37. Nd1 Qe1+ 38. Qf1 Nd4 39. Nc3 Ne2+ 0-1

[Event "Lichtenrader Herbst"]
[Site "Berlin-Lichtenrade"]
[Date "2015.10.29"]
[Round "6.7"]
[White "Bruedigam, Martin"]
[Black "Prilleltensky, Matan"]
[Result "1/2-1/2"]
[WhiteElo "2375"]
[BlackElo "2150"]
[PlyCount "213"]
[EventDate "2015.??.??"]
[WhiteTeam "SK König Tegel"]
[BlackTeam "Marshall Chess Club"]

1. e4 c5 2. Nf3 e6 3. d4 cxd4 4. Nxd4 a6 5. c4 Nf6 6. Nc3 Qc7 7. a3 b6 8. Be3
Bb7 9. f3 d6 10. Rc1 Be7 11. Be2 O-O 12. O-O Nbd7 13. Qd2 Rac8 14. b4 Rfe8 15.
Rfd1 Ne5 16. Na4 Nfd7 17. Nb3 Qb8 18. Kh1 Nxc4 19. Bxc4 b5 20. Bf1 bxa4 21. Na5
Ne5 22. Qe2 Ba8 23. Qxa6 d5 24. Ba7 Rxc1 25. Rxc1 Qd6 26. Rc8 Qd7 27. Rxe8+
Qxe8 28. Qb5 Qc8 29. exd5 Bxd5 30. Bc5 Bxc5 31. Qxc5 Qxc5 32. bxc5 Nc6 33. Nxc6
Bxc6 34. Bd3 g6 35. Kg1 f5 36. f4 Kf7 37. Kf2 e5 38. Bc4+ Kf6 39. g3 g5 40. Ke3
h6 41. Bg8 h5 42. fxg5+ Kxg5 43. h4+ Kf6 44. Bc4 Ke7 45. Be2 Be8 46. Bf3 Ke6
47. Bb7 Bb5 48. Ba8 Be8 49. Bg2 Bb5 50. Bf3 Be8 51. c6 Kd6 52. Bd1 Bxc6 53.
Bxh5 Ke6 54. Bd1 Kf6 55. Bc2 Bd7 56. Bd3 Be8 57. Ba6 Bd7 58. Bb7 Be8 59. Bd5
Bd7 60. Kd3 Be8 61. Ke3 Bd7 62. Kf3 Be8 63. g4 fxg4+ 64. Kxg4 Bd7+ 65. Kf3 Be8
66. Be4 Bd7 67. Ke3 Kg7 68. Bd5 Be8 69. Bf3 Kf6 70. Bg4 Bc6 71. Kd3 Bb5+ 72.
Kc3 Be8 73. Kc4 Bf7+ 74. Kb4 Be8 75. Kc5 Ke7 76. Bd1 Kf6 77. Bc2 Bd7 78. Kb4
Bf5 79. Bxf5 Kxf5 80. Kxa4 e4 81. Kb3 Kf4 82. h5 e3 83. Kc2 Kf3 84. h6 e2 85.
h7 e1=Q 86. h8=Q Qe4+ 87. Kb3 Qb7+ 88. Ka2 Qd5+ 89. Kb2 Qb5+ 90. Kc3 Qc5+ 91.
Kd2 Qd6+ 92. Kc2 Qg6+ 93. Kb2 Qb6+ 94. Ka1 Ke4 95. Qc3 Qd4 96. Kb2 Qxc3+ 97.
Kxc3 Kd5 98. Kb4 Kc6 99. a4 Kb6 100. a5+ Ka6 101. Ka4 Ka7 102. Kb5 Kb7 103. a6+
Ka7 104. Ka5 Ka8 105. Kb6 Kb8 106. a7+ Ka8 107. Ka6 1/2-1/2

[Event "Lichtenrader Herbst"]
[Site "Berlin-Lichtenrade"]
[Date "2015.10.29"]
[Round "6.8"]
[White "Muse, Mladen"]
[Black "Lagunow, Raphael"]
[Result "1/2-1/2"]
[WhiteElo "2380"]
[BlackElo "2164"]
[PlyCount "96"]
[EventDate "2015.??.??"]
[WhiteTeam "SK König Tegel"]
[BlackTeam "SK Zehlendorf"]

1. Nf3 c5 2. c4 Nc6 3. Nc3 g6 4. e3 Bg7 5. d4 d6 6. h3 Nf6 7. d5 Nb8 8. e4 O-O
9. Bd3 Na6 10. O-O e5 11. Bg5 h6 12. Be3 Nh5 13. Qd2 g5 14. Ne2 Nc7 15. Nh2 Nf4
16. Ng3 Ne8 17. Be2 Nf6 18. Bd1 h5 19. f3 Rb8 20. b4 b6 21. a3 Bd7 22. Rc1 Nh7
23. Bc2 Qf6 24. Nh1 Qg6 25. Nf2 Nf6 26. Bd1 Bh6 27. Re1 g4 28. hxg4 hxg4 29.
Nhxg4 Bxg4 30. Nxg4 Nxg4 31. fxg4 Kg7 32. Bf3 Rh8 33. Kf2 Bg5 34. Rh1 Rh6 35.
g3 Nh3+ 36. Ke2 Rbh8 37. Kd3 Bxe3 38. Qxe3 Ng5 39. Rh5 Nxf3 40. Qxf3 Rxh5 41.
gxh5 Rxh5 42. Kc3 Rg5 43. Rg1 f5 44. exf5 Rxf5 45. Qe4 Rf2 46. Qxg6+ Kxg6 47.
Kb3 e4 48. Ka4 Ra2 1/2-1/2

[Event "Lichtenrader Herbst"]
[Site "Berlin-Lichtenrade"]
[Date "2015.10.29"]
[Round "6.9"]
[White "Muse, Drazen"]
[Black "Haas, Frank-Martin"]
[Result "1-0"]
[WhiteElo "2393"]
[BlackElo "2143"]
[PlyCount "93"]
[EventDate "2015.??.??"]
[WhiteTeam "SK König Tegel"]
[BlackTeam "SV Walldorf"]

1. d4 e6 2. Nf3 Nf6 3. c4 b6 4. e3 Bb7 5. Bd3 d5 6. O-O Nbd7 7. Nc3 Bd6 8. b3
O-O 9. Bb2 a6 10. Rc1 Ne4 11. Na4 Qe7 12. Qe2 f5 13. Ne5 Bxe5 14. dxe5 c5 15.
cxd5 Bxd5 16. f3 Ng5 17. Nc3 Nxe5 18. Nxd5 exd5 19. Bxf5 Ngxf3+ 20. gxf3 Qg5+
21. Bg4 Nxf3+ 22. Rxf3 Rxf3 23. Qg2 Rf7 24. Re1 Re8 25. Bf3 Qxg2+ 26. Kxg2 Rd7
27. Kf2 Rd6 28. Rd1 Red8 29. Be5 R6d7 30. h4 Kf7 31. Rg1 Kf8 32. Bf4 d4 33. e4
d3 34. Bg5 Re8 35. Rc1 h6 36. Be3 a5 37. h5 Re6 38. a4 Rde7 39. Rd1 Rd7 40. Bf4
Rf6 41. Be5 Re6 42. Bc3 c4 43. Ke3 Rc7 44. e5 cxb3 45. Bd5 Ree7 46. Rxd3 b5 47.
axb5 1-0

[Event "Lichtenrader Herbst"]
[Site "Berlin-Lichtenrade"]
[Date "2015.10.29"]
[Round "6.10"]
[White "Boetzer, Detlef"]
[Black "Bergstrom, Rolf"]
[Result "1-0"]
[WhiteElo "2226"]
[BlackElo "2285"]
[PlyCount "59"]
[EventDate "2015.??.??"]
[WhiteTeam "SC Rotation Pankow"]

1. d4 Nf6 2. Bg5 e6 3. Nd2 h6 4. Bh4 c5 5. e3 cxd4 6. exd4 Be7 7. c3 O-O 8. Bd3
b6 9. Qe2 Bb7 10. Ngf3 d6 11. Bxf6 Bxf6 12. Ne4 Be7 13. O-O-O Nd7 14. g4 g6 15.
h4 Re8 16. g5 h5 17. Rhg1 Bxe4 18. Qxe4 Qc7 19. Kb1 d5 20. Qe3 a6 21. Rge1 Bd6
22. Ng1 b5 23. Ne2 Qb8 24. Ng3 Kg7 25. Qf3 Rh8 26. Re2 Ra7 27. Rde1 Bf4 28.
Bxg6 fxg6 29. Rxe6 Rf8 30. Rxg6+ 1-0

[Event "Lichtenrader Herbst"]
[Site "Berlin-Lichtenrade"]
[Date "2015.10.29"]
[Round "6.11"]
[White "Marzano, Carlo"]
[Black "Lerch, Philipp"]
[Result "0-1"]
[WhiteElo "2152"]
[BlackElo "2307"]
[PlyCount "74"]
[EventDate "2015.??.??"]
[BlackTeam "SC Kreuzberg"]

1. d4 Nf6 2. Nf3 e6 3. Bg5 c5 4. e3 cxd4 5. exd4 h6 6. Bh4 b6 7. Bd3 Bb7 8. O-O
Be7 9. c4 d6 10. Nc3 Nbd7 11. Re1 O-O 12. Qe2 Re8 13. Rad1 Rc8 14. Nb5 a6 15.
Nc3 Qc7 16. Nd2 Qb8 17. Qe3 Qa8 18. Qh3 Nh5 19. Be4 Nf4 20. Qg4 Bxh4 21. Qxh4
Nxg2 22. Bxg2 Bxg2 23. d5 exd5 24. Rxe8+ Rxe8 25. Kxg2 dxc4+ 26. f3 Ne5 27. Re1
Re6 28. Re4 Rg6+ 29. Kf1 b5 30. Qe7 Qc8 31. Ke2 Qh3 32. Qh4 Rg2+ 33. Ke3 Qxh4
34. Rxh4 Rxd2 35. Kxd2 Nxf3+ 36. Ke3 Nxh4 37. Ne4 Nf5+ 0-1

[Event "Lichtenrader Herbst"]
[Site "Berlin-Lichtenrade"]
[Date "2015.10.29"]
[Round "6.12"]
[White "Juhnke, Juergen"]
[Black "Rietze, Clemens"]
[Result "0-1"]
[WhiteElo "2185"]
[BlackElo "2279"]
[PlyCount "60"]
[EventDate "2015.??.??"]
[WhiteTeam "SK Lister Turm"]
[BlackTeam "SC Rotation Pankow"]

1. e4 c5 2. Nf3 e6 3. d4 cxd4 4. Nxd4 a6 5. c4 Qc7 6. Nc3 Nf6 7. a3 b6 8. Be3
Bb7 9. f3 d6 10. Rc1 Nbd7 11. Be2 Be7 12. O-O Rc8 13. b4 Qb8 14. Qb3 Bd8 15.
Kh1 Bc7 16. Bg1 h5 17. Na4 h4 18. Nxe6 fxe6 19. c5 Ke7 20. c6 Nh5 21. Bf2 Bxc6
22. Rxc6 Ne5 23. Rc2 b5 24. Nb2 Bb6 25. Rxc8 Qxc8 26. Bxh4+ g5 27. Bxg5+ Kd7
28. f4 Qc2 29. Qh3 Qxe2 30. Rd1 Ng4 0-1

[Event "Lichtenrader Herbst"]
[Site "Berlin-Lichtenrade"]
[Date "2015.10.29"]
[Round "6.13"]
[White "Federau, Juergen"]
[Black "Chkhaidze, Nikoloz"]
[Result "0-1"]
[WhiteElo "2129"]
[BlackElo "2323"]
[PlyCount "104"]
[EventDate "2015.??.??"]
[WhiteTeam "SC Kreuzberg"]

1. d4 Nf6 2. c4 g6 3. Nc3 d5 4. cxd5 Nxd5 5. e4 Nxc3 6. bxc3 Bg7 7. Bc4 c5 8.
Ne2 O-O 9. O-O Nc6 10. Be3 Qc7 11. Rc1 b6 12. f4 e6 13. Qe1 Na5 14. Bd3 f5 15.
Qf2 c4 16. Bb1 Bb7 17. Ng3 Nc6 18. d5 Nd8 19. Rfd1 fxe4 20. Bxe4 exd5 21. Bxd5+
Bxd5 22. Rxd5 Ne6 23. Ne2 Rad8 24. Rcd1 Rxd5 25. Rxd5 Qc6 26. Rd2 Qe4 27. g3
Ng5 28. fxg5 Rxf2 29. Kxf2 Bf8 30. Rd8 Qf5+ 31. Nf4 Kf7 32. Rd5 Qc8 33. Bd4 Be7
34. h4 Qc6 35. Ke3 Bd6 36. Be5 Be7 37. Bd4 b5 38. Bxa7 b4 39. cxb4 c3 40. Bc5
Bf8 41. Rd1 Bxc5+ 42. bxc5 Qxc5+ 43. Kd3 Qf2 44. Kxc3 Qxg3+ 45. Nd3 Qxh4 46.
Ne5+ Ke6 47. Nf3 Qf2 48. Rd3 Qxa2 49. Kd4 Kf5 50. Ke3 Kg4 51. Rd2 Qb3+ 52. Rd3
Qxd3+ 0-1

[Event "Lichtenrader Herbst"]
[Site "Berlin-Lichtenrade"]
[Date "2015.10.29"]
[Round "6.14"]
[White "Lyell, Mark"]
[Black "Llopis de Aysa, Manuel"]
[Result "1-0"]
[WhiteElo "2285"]
[BlackElo "2008"]
[PlyCount "89"]
[EventDate "2015.??.??"]
[BlackTeam "La Tour Aycelin"]

1. e4 d6 2. Nc3 Nf6 3. d4 e5 4. Nf3 Nbd7 5. Bc4 Be7 6. a4 O-O 7. h3 c6 8. O-O
a5 9. Re1 h6 10. Ba2 Re8 11. Be3 Qc7 12. Nh4 Nf8 13. Qf3 Ne6 14. dxe5 dxe5 15.
Nf5 Ng5 16. Qg3 Nh5 17. Qg4 Nf6 18. Nxe7+ Rxe7 19. Qh4 Nfh7 20. Qg3 Kh8 21. Bc5
Re8 22. Rad1 f6 23. Qe3 Be6 24. Bb6 Qe7 25. Rd2 Bxa2 26. Nxa2 Ne6 27. Red1 Nhf8
28. Nc1 Qb4 29. b3 Ra6 30. Rd8 Rxd8 31. Bxd8 Ra8 32. c3 Qc5 33. Bb6 Qxe3 34.
Bxe3 Kg8 35. Nd3 Kf7 36. Nb2 Ke7 37. Nc4 Nd7 38. Rxd7+ Kxd7 39. Nb6+ Kd6 40.
Nxa8 b5 41. Bb6 bxa4 42. bxa4 Nc5 43. Bxa5 Nxa4 44. Nb6 Nb2 45. Bb4+ 1-0

[Event "Lichtenrader Herbst"]
[Site "Berlin-Lichtenrade"]
[Date "2015.10.29"]
[Round "6.15"]
[White "Foerster, Jonas"]
[Black "Boettcher, Patrick"]
[Result "1-0"]
[WhiteElo "2261"]
[BlackElo "2152"]
[PlyCount "85"]
[EventDate "2015.??.??"]
[WhiteTeam "SSC Rostock"]
[BlackTeam "SC Zitadelle Spandau"]

1. d4 Nf6 2. c4 e6 3. Nf3 b6 4. g3 Bb7 5. Bg2 Be7 6. Nc3 Ne4 7. Qc2 Nxc3 8.
Qxc3 O-O 9. O-O f5 10. Rd1 Bf6 11. Ne5 Bxg2 12. Kxg2 d6 13. Qf3 Nd7 14. Nc6 Qe8
15. b4 a5 16. b5 Kh8 17. Ba3 Nb8 18. Rab1 Nxc6 19. Qxc6 Qxc6+ 20. bxc6 e5 21.
c5 exd4 22. cxb6 cxb6 23. Rxb6 Rfc8 24. Rc1 Bd8 25. Rb7 Bc7 26. Bb2 Ra6 27.
Bxd4 Kg8 28. a4 Kf7 29. Kf3 g5 30. g4 fxg4+ 31. Kxg4 Kg6 32. e4 h5+ 33. Kh3 g4+
34. Kg2 Kf7 35. f4 gxf3+ 36. Kxf3 Ke6 37. Ke3 d5 38. exd5+ Kxd5 39. Rb5+ Kd6
40. Rxh5 Bd8 41. Rh6+ Ke7 42. Ke4 Kf7 43. Kd5 1-0

[Event "Lichtenrader Herbst"]
[Site "Berlin-Lichtenrade"]
[Date "2015.10.29"]
[Round "6.16"]
[White "Peters, Alex"]
[Black "Buttkus, Andre"]
[Result "1-0"]
[WhiteElo "2262"]
[BlackElo "2045"]
[PlyCount "103"]
[EventDate "2015.??.??"]
[WhiteTeam "Brühler SK"]
[BlackTeam "SK Tempelhof 1931"]

1. Nf3 c5 2. b3 d6 3. Bb2 e5 4. e4 Nf6 5. Bb5+ Nc6 6. Bxc6+ bxc6 7. Qe2 Be7 8.
d3 O-O 9. Nbd2 g6 10. O-O-O Nh5 11. g3 f5 12. Kb1 Ng7 13. Rde1 Ne6 14. Qe3 f4
15. Qe2 g5 16. g4 Rf7 17. Nc4 Nd4 18. Nxd4 cxd4 19. f3 h6 20. Bc1 Rh7 21. Reg1
Rb8 22. Bd2 Be6 23. Be1 Bf6 24. Bf2 Rbb7 25. Qe1 h5 26. gxh5 Rbg7 27. h4 g4 28.
fxg4 Bxg4 29. Qb4 c5 30. Qa4 Bxh5 31. Qxa7 Bf3 32. Rxg7+ Rxg7 33. Rg1 Rxg1+ 34.
Bxg1 Bxh4 35. a4 Be1 36. a5 Bc3 37. Bf2 Qg5 38. Qb8+ Kh7 39. Qc7+ Kh8 40. Qc8+
Kg7 41. Qd7+ Kh8 42. Qh3+ Qh5 43. Qxh5+ Bxh5 44. a6 Be8 45. Nxd6 Bc6 46. Nf7+
Kg7 47. Nxe5 Ba8 48. Nd7 Bb4 49. Kc1 Kf7 50. Nb6 Bc6 51. a7 Ke6 52. Kd1 1-0

[Event "Lichtenrader Herbst"]
[Site "Berlin-Lichtenrade"]
[Date "2015.10.29"]
[Round "6.17"]
[White "Dimitrijeski, Kristian"]
[Black "Gucaga, Augustas"]
[Result "1-0"]
[WhiteElo "2182"]
[BlackElo "1916"]
[PlyCount "59"]
[EventDate "2015.??.??"]
[WhiteTeam "SK König Tegel"]
[BlackTeam "Kaunas Margiris"]

1. d4 Nf6 2. c4 g6 3. Nc3 Bg7 4. e4 d6 5. Nf3 O-O 6. Be2 e5 7. dxe5 dxe5 8.
Qxd8 Rxd8 9. Bg5 Re8 10. O-O-O Na6 11. Ne1 Nc5 12. f3 Ne6 13. Be3 b6 14. Nc2 c6
15. g3 Nh5 16. Rhf1 Nc5 17. Bxc5 bxc5 18. Rd6 Bb7 19. Kb1 Rad8 20. Rfd1 Rxd6
21. Rxd6 Bf8 22. Rd7 Rb8 23. f4 Nf6 24. Rd1 exf4 25. e5 Ne8 26. gxf4 Ng7 27.
Bg4 Bc8 28. Rd8 Ne6 29. Bxe6 fxe6 30. Ne4 1-0

[Event "Lichtenrader Herbst"]
[Site "Berlin-Lichtenrade"]
[Date "2015.10.29"]
[Round "6.18"]
[White "Arndt, Uwe"]
[Black "Rettore, Ludwig"]
[Result "1-0"]
[WhiteElo "2019"]
[BlackElo "2109"]
[PlyCount "143"]
[EventDate "2015.??.??"]
[WhiteTeam "BSV 63 Chemie Weißensee"]

1. Nf3 d5 2. c4 d4 3. b4 f6 4. d3 e5 5. a3 a5 6. b5 Bd6 7. g3 Ne7 8. Bg2 O-O 9.
O-O Nd7 10. Nbd2 Nc5 11. Nb3 a4 12. Nxc5 Bxc5 13. Bd2 Qd6 14. Qc1 Bd7 15. Qb2
c6 16. Rfc1 cxb5 17. cxb5 Nd5 18. Ne1 Nc3 19. Bxc3 dxc3 20. Qc2 Be6 21. Bxb7
Rab8 22. Qxc3 Bd4 23. Qc6 Qxc6 24. Bxc6 Bxa1 25. Rxa1 Rfd8 26. Nc2 Rd6 27. Nb4
Kf8 28. Na6 Rb6 29. Nc5 Rb8 30. Rc1 Ke7 31. Nxa4 Bd5 32. Bxd5 Rxd5 33. Rc7+ Kd6
34. Rc6+ Ke7 35. Nc3 Rd6 36. Rc7+ Rd7 37. Rc5 Kd8 38. a4 Rc7 39. Rd5+ Rd7 40.
e4 Rc8 41. Rxd7+ Kxd7 42. Nd5 Rc1+ 43. Kg2 Ra1 44. Kf3 Kd6 45. b6 Kc6 46. h4
Rxa4 47. h5 h6 48. Kg4 Ra3 49. Kf5 Kd6 50. Kg6 Rxd3 51. Kxg7 f5 52. b7 Rb3 53.
Nf6 Rxb7+ 54. Kxh6 fxe4 55. Nxe4+ Kd5 56. Nf6+ Ke6 57. Kg6 Rb2 58. Ne4 Kd5 59.
f3 Rb3 60. Ng5 Rb6+ 61. Kf5 Ra6 62. Nf7 Ra3 63. Ng5 Ra6 64. g4 Kd4 65. Ne6+ Ke3
66. Ng5 Ra5 67. Kf6 Kf4 68. h6 e4 69. h7 Ra8 70. fxe4 Kxg4 71. e5 Kh5 72. Nf7
1-0

[Event "Lichtenrader Herbst"]
[Site "Berlin-Lichtenrade"]
[Date "2015.10.29"]
[Round "6.19"]
[White "Niehaus, Frank"]
[Black "Thesing, Ansgar"]
[Result "1-0"]
[WhiteElo "2190"]
[BlackElo "1905"]
[PlyCount "73"]
[EventDate "2015.??.??"]
[WhiteTeam "SK König Tegel"]
[BlackTeam "SC Kreuzberg"]

1. d4 d5 2. Bg5 Nd7 3. e3 Ngf6 4. Nd2 e6 5. Bd3 c5 6. c3 c4 7. Bc2 h6 8. Bh4 b5
9. f4 Bb7 10. Ngf3 Be7 11. O-O Ne4 12. Bxe7 Qxe7 13. Nxe4 dxe4 14. Nd2 f5 15.
b3 Nb6 16. bxc4 bxc4 17. Qh5+ Kd7 18. a4 a5 19. Rfb1 Kc7 20. Rxb6 Kxb6 21.
Nxc4+ Kc7 22. Ne5 g5 23. Qe2 Ba6 24. Qd1 gxf4 25. Ng6 Qg5 26. Nxf4 Rhe8 27. Bb3
Kd6 28. Qc1 Rac8 29. Qa3+ Kd7 30. Rb1 Qd8 31. Qa2 Rc6 32. d5 Rxc3 33. dxe6+ Kc8
34. Qb2 Rc7 35. Bd5 Rxe6 36. Bxe6+ Rd7 37. Qb8# 1-0

[Event "Lichtenrader Herbst"]
[Site "Berlin-Lichtenrade"]
[Date "2015.10.30"]
[Round "7.1"]
[White "Kovalev, Andrei"]
[Black "Stremavicius, Titas"]
[Result "1-0"]
[WhiteElo "2534"]
[BlackElo "2466"]
[PlyCount "65"]
[EventDate "2015.??.??"]
[BlackTeam "Kaunas Margiris"]

1. e4 c5 2. Nf3 Nc6 3. Nc3 e5 4. Bc4 Be7 5. d3 d6 6. O-O Nf6 7. h3 O-O 8. a3 a6
9. Bd2 b5 10. Ba2 Be6 11. Nd5 Bxd5 12. exd5 Nb8 13. b4 e4 14. dxe4 Nxe4 15.
bxc5 dxc5 16. c4 Bf6 17. Rb1 Nd7 18. Qc2 Nxd2 19. Nxd2 Nb6 20. cxb5 Nxd5 21.
Ne4 axb5 22. Rxb5 Bd4 23. Rd1 Nf6 24. Nxc5 Rxa3 25. Bxf7+ Rxf7 26. Rxd4 Ra1+
27. Kh2 Qc7+ 28. f4 Qe7 29. Rb8+ Rf8 30. Qb3+ Kh8 31. Rxf8+ Qxf8 32. Ne6 Qf7
33. Qb8+ 1-0

[Event "Lichtenrader Herbst"]
[Site "Berlin-Lichtenrade"]
[Date "2015.10.30"]
[Round "7.2"]
[White "Lerch, Philipp"]
[Black "Danin, Alexandre"]
[Result "1/2-1/2"]
[WhiteElo "2307"]
[BlackElo "2579"]
[PlyCount "34"]
[EventDate "2015.??.??"]
[WhiteTeam "SC Kreuzberg"]
[BlackTeam "Bochumer SV"]

1. c4 Nf6 2. g3 c6 3. Bg2 d5 4. Nf3 g6 5. b3 Bg7 6. Bb2 O-O 7. O-O a5 8. Nc3
Ne4 9. Qc2 Nxc3 10. Bxc3 d4 11. Bb2 c5 12. d3 Nc6 13. Rad1 Ra6 14. e4 dxe3 15.
Bxg7 exf2+ 16. Qxf2 Kxg7 17. Qxc5 Qb6 1/2-1/2

[Event "Lichtenrader Herbst"]
[Site "Berlin-Lichtenrade"]
[Date "2015.10.30"]
[Round "7.3"]
[White "Romanishin, Oleg M"]
[Black "Muse, Drazen"]
[Result "1-0"]
[WhiteElo "2474"]
[BlackElo "2393"]
[PlyCount "99"]
[EventDate "2015.??.??"]
[BlackTeam "SK König Tegel"]

1. d4 e6 2. Nf3 f5 3. g3 Nf6 4. Bg2 Be7 5. O-O O-O 6. c4 c6 7. Bf4 d5 8. Nbd2
Nbd7 9. Ng5 Nb6 10. c5 h6 11. cxb6 hxg5 12. Bxg5 axb6 13. a4 Bd7 14. Nf3 Be8
15. Ne5 Nd7 16. Bxe7 Qxe7 17. Nxd7 Bxd7 18. Qb3 Ra6 19. Qc3 c5 20. b3 c4 21.
bxc4 Rc8 22. Qe3 Rxc4 23. Bxd5 Rcxa4 24. Rxa4 Rxa4 25. Bb3 Ra3 26. d5 Qc5 27.
dxe6 Qxe3 28. exd7+ Qxb3 29. d8=Q+ Kh7 30. Rd1 Ra8 31. Qd5 Qc2 32. Qd2 Ra2 33.
Qxc2 Rxc2 34. e3 Rc7 35. Rd6 Rc6 36. Rd7 Kg6 37. Rxb7 Kf6 38. h4 g6 39. Kg2 Ke5
40. Kf3 Rd6 41. Rb8 Rc6 42. g4 Rc4 43. g5 Rc6 44. Kg3 Ke4 45. Rf8 b5 46. Rb8
Rc5 47. Rb6 f4+ 48. exf4 Rc3+ 49. Kg4 Rc1 50. Re6+ 1-0

[Event "Lichtenrader Herbst"]
[Site "Berlin-Lichtenrade"]
[Date "2015.10.30"]
[Round "7.4"]
[White "Baldauf, Marco"]
[Black "Boetzer, Detlef"]
[Result "1/2-1/2"]
[WhiteElo "2404"]
[BlackElo "2226"]
[PlyCount "47"]
[EventDate "2015.??.??"]
[WhiteTeam "SF 1903 Berlin"]
[BlackTeam "SC Rotation Pankow"]

1. d4 Nf6 2. c4 d6 3. Nc3 e5 4. Nf3 Nbd7 5. e4 Be7 6. g3 c6 7. Bg2 Qc7 8. O-O
Nf8 9. Rb1 Ng6 10. b4 h5 11. Bg5 Bg4 12. Qd2 Nh7 13. Be3 h4 14. d5 Nf6 15. c5
hxg3 16. hxg3 O-O 17. cxd6 Bxd6 18. a3 Rfd8 19. Rbc1 Qe7 20. Bg5 Nf8 21. Qe3
N8h7 22. Bh4 Bxf3 23. Bxf3 a5 24. Na2 1/2-1/2

[Event "Lichtenrader Herbst"]
[Site "Berlin-Lichtenrade"]
[Date "2015.10.30"]
[Round "7.5"]
[White "Solys, Laimutis"]
[Black "Meister, Jakob"]
[Result "0-1"]
[WhiteElo "2344"]
[BlackElo "2437"]
[PlyCount "100"]
[EventDate "2015.??.??"]
[WhiteTeam "Kaunas Margiris"]
[BlackTeam "SK Zehlendorf"]

1. d4 Nf6 2. c4 e6 3. Nc3 Bb4 4. Qc2 d5 5. cxd5 exd5 6. Bg5 h6 7. Bh4 c6 8. e3
O-O 9. Nf3 Re8 10. Bd3 Bd6 11. O-O-O b5 12. Kb1 a5 13. Nd2 Na6 14. Ka1 Nb4 15.
Qb1 Nxd3 16. Qxd3 a4 17. e4 Be7 18. e5 Nh7 19. Bxe7 Rxe7 20. f4 b4 21. Ne2 Qb6
22. Ng3 Ra5 23. Nf3 c5 24. dxc5 Rxc5 25. Nd4 a3 26. b3 Rec7 27. Qd2 Ba6 28. f5
Ng5 29. Rhe1 Rc3 30. e6 Rd3 31. Qf4 Rxd1+ 32. Rxd1 fxe6 33. h4 Nh7 34. Nxe6 Rf7
35. Qd4 Qd6 36. Ne4 Qe7 37. Qxd5 Bb7 38. Qd8+ Nf8 39. Qxe7 Rxe7 40. Rd8 Bxe4
41. Rxf8+ Kh7 42. Rd8 g5 43. f6 Rxe6 44. f7 Rc6 45. Rh8+ Kg6 46. Rxh6+ Kxf7 47.
Rxc6 Bxc6 48. hxg5 Kg6 49. Kb1 Kxg5 50. Kc2 Be4+ 0-1

[Event "Lichtenrader Herbst"]
[Site "Berlin-Lichtenrade"]
[Date "2015.10.30"]
[Round "7.7"]
[White "Kasparov, Sergey"]
[Black "Schnabel, Ralf"]
[Result "1/2-1/2"]
[WhiteElo "2482"]
[BlackElo "2241"]
[PlyCount "120"]
[EventDate "2015.??.??"]
[BlackTeam "ESV Nickelhütte Aue"]

1. e4 Nf6 2. e5 Nd5 3. d4 d6 4. Nf3 dxe5 5. Nxe5 c6 6. Be2 Bf5 7. O-O Nd7 8.
Nf3 e6 9. c4 N5f6 10. Nc3 Bd6 11. Nh4 Bg6 12. g3 O-O 13. Nxg6 hxg6 14. Be3 a6
15. Qb3 Rb8 16. Rad1 b5 17. Bf3 Qc8 18. Rd2 bxc4 19. Qxc4 Nb6 20. Qe2 Nbd5 21.
Rc1 Qb7 22. Na4 Qb5 23. Nc5 a5 24. Bg5 Qxe2 25. Rxe2 Rb4 26. Rd2 Bxc5 27. Rxc5
Rfb8 28. b3 a4 29. bxa4 Rxa4 30. Rxc6 Nb4 31. Rc4 Rxa2 32. Rxa2 Nxa2 33. Bxf6
gxf6 34. d5 exd5 35. Bxd5 Nb4 36. Bg2 Kg7 37. f4 Rb5 38. Rd4 Nc2 39. Rd2 Ne3
40. Bf3 f5 41. h3 Kf6 42. Kf2 Nc4 43. Rc2 Rb2 44. Rxb2 Nxb2 45. Ke3 Nc4+ 46.
Kd4 Nd6 47. Bc6 Ke6 48. Bd5+ Kf6 49. Kc5 Ke7 50. Kd4 Kf6 51. h4 Ne8 52. Bf3 Ke6
53. h5 gxh5 54. Bxh5 Kf6 55. Be2 Nc7 56. Bc4 Ne8 57. Kd5 Ng7 58. Be2 Ne6 59.
Kd6 Nd4 60. Bd1 Ne6 1/2-1/2

[Event "Lichtenrader Herbst"]
[Site "Berlin-Lichtenrade"]
[Date "2015.10.30"]
[Round "7.8"]
[White "Malek, Daniel"]
[Black "Dimitrijeski, Kristian"]
[Result "1-0"]
[WhiteElo "2426"]
[BlackElo "2182"]
[PlyCount "23"]
[EventDate "2015.??.??"]
[WhiteTeam "SK Zehlendorf"]
[BlackTeam "SK König Tegel"]

1. d4 d5 2. c4 c6 3. Nc3 Nf6 4. e3 Qb6 5. Qc2 Bg4 6. h3 Bh5 7. cxd5 Nxd5 8.
Nxd5 cxd5 9. Qc8+ Qd8 10. Bb5+ Nc6 11. Bxc6+ bxc6 12. Qxc6+ 1-0

[Event "Lichtenrader Herbst"]
[Site "Berlin-Lichtenrade"]
[Date "2015.10.30"]
[Round "7.9"]
[White "Prilleltensky, Matan"]
[Black "Muse, Mladen"]
[Result "1/2-1/2"]
[WhiteElo "2150"]
[BlackElo "2380"]
[PlyCount "79"]
[EventDate "2015.??.??"]
[WhiteTeam "Marshall Chess Club"]
[BlackTeam "SK König Tegel"]

1. d4 Nf6 2. c4 e6 3. Nc3 Bb4 4. f3 c5 5. d5 d6 6. e4 O-O 7. Nge2 b5 8. Ng3
bxc4 9. Bxc4 Ba6 10. Bxa6 Nxa6 11. dxe6 fxe6 12. O-O c4 13. Qe2 d5 14. exd5
Qb6+ 15. Kh1 exd5 16. Be3 Qc6 17. Nf5 Rfe8 18. Nd4 Qd7 19. Qd2 h6 20. Nc2 Bc5
21. Bd4 Bxd4 22. Qxd4 Nc7 23. Qf2 Ne6 24. Ne2 Rab8 25. Rab1 Rb6 26. b4 cxb3 27.
Rxb3 Qa4 28. Nc3 Qc6 29. Nd4 Qc4 30. Nce2 Nxd4 31. Nxd4 Rxb3 32. axb3 Qd3 33.
Qg1 Re3 34. Rd1 Qc3 35. Nf5 Re2 36. Qxa7 Re1+ 37. Rxe1 Qxe1+ 38. Qg1 Qd2 39.
Nd4 Nh5 40. g3 1/2-1/2

[Event "Lichtenrader Herbst"]
[Site "Berlin-Lichtenrade"]
[Date "2015.10.30"]
[Round "7.10"]
[White "Chkhaidze, Nikoloz"]
[Black "Niehaus, Frank"]
[Result "1-0"]
[WhiteElo "2323"]
[BlackElo "2190"]
[PlyCount "47"]
[EventDate "2015.??.??"]
[BlackTeam "SK König Tegel"]

1. Nf3 Nf6 2. c4 g6 3. Nc3 Bg7 4. d4 d6 5. e4 O-O 6. h3 e5 7. d5 Nh5 8. g3 f5
9. exf5 gxf5 10. Nh4 Nf6 11. Qc2 e4 12. Be3 c6 13. O-O-O Qa5 14. g4 f4 15. Bxf4
Nxd5 16. Nxd5 cxd5 17. Bxd6 Qxa2 18. Bxf8 Bxf8 19. Rxd5 Nc6 20. Rg5+ Kf7 21.
Qxe4 Be6 22. Bd3 Qa1+ 23. Bb1 Nb4 24. Re1 1-0

[Event "Lichtenrader Herbst"]
[Site "Berlin-Lichtenrade"]
[Date "2015.10.30"]
[Round "7.11"]
[White "Lagunow, Raphael"]
[Black "Lyell, Mark"]
[Result "1-0"]
[WhiteElo "2164"]
[BlackElo "2285"]
[PlyCount "85"]
[EventDate "2015.??.??"]
[WhiteTeam "SK Zehlendorf"]

1. e4 c6 2. d4 d5 3. e5 c5 4. Be3 cxd4 5. Bxd4 Nc6 6. c3 Bf5 7. Nf3 e6 8. Be2
Nh6 9. h3 Be7 10. O-O O-O 11. Nbd2 Bg6 12. g4 Nxd4 13. Nxd4 Bc5 14. N2b3 Bb6
15. Kg2 Qe7 16. Qd2 Bc7 17. f4 Be4+ 18. Bf3 Bxf3+ 19. Rxf3 f6 20. exf6 Qxf6 21.
g5 Bxf4 22. gxf6 Bxd2 23. Nxd2 e5 24. fxg7 Rfe8 25. Nf5 Nf7 26. Raf1 Re6 27. c4
e4 28. Re3 Rd8 29. cxd5 Rxd5 30. Nb3 Rde5 31. Nbd4 Rg6+ 32. Kh2 Ng5 33. h4 Nf7
34. Rc1 Nd6 35. Nxd6 Rxd6 36. Rg3 Re8 37. Nf5 Rg6 38. Rxg6 hxg6 39. Rc8 Rxc8
40. Ne7+ Kxg7 41. Nxc8 Kf6 42. Kg3 Ke5 43. Ne7 1-0

[Event "Lichtenrader Herbst"]
[Site "Berlin-Lichtenrade"]
[Date "2015.10.30"]
[Round "7.12"]
[White "Foerster, Jonas"]
[Black "Piotrowski, Christopher"]
[Result "1/2-1/2"]
[WhiteElo "2261"]
[BlackElo "2104"]
[PlyCount "56"]
[EventDate "2015.??.??"]
[WhiteTeam "SSC Rostock"]
[BlackTeam "SK König Tegel"]

1. d4 Nf6 2. Nf3 g6 3. c4 Bg7 4. Nc3 d5 5. cxd5 Nxd5 6. e4 Nxc3 7. bxc3 c5 8.
Bb5+ Nd7 9. O-O O-O 10. Bg5 Nf6 11. Re1 cxd4 12. cxd4 Bg4 13. Rc1 Rc8 14. Rxc8
Qxc8 15. h3 a6 16. Ba4 Bxf3 17. Qxf3 Qc4 18. Bb3 Qxd4 19. e5 Qb4 20. Re2 Ne8
21. a3 Qc5 22. Qxb7 Bxe5 23. Qxe7 Bd6 24. Qe3 Qxe3 25. Bxe3 Nc7 26. a4 Rb8 27.
Bc2 Ne6 28. g3 Bc5 1/2-1/2